[Event "ELM 22/23"]
[Site "?"]
[Date "2022.09.25"]
[Round "4.1"]
[White "Babula, Vlastimil"]
[Black "Svanda, Adam"]
[Result "1-0"]
[BlackElo "1897"]
[WhiteElo "2197"]
[LiveChessVersion "1.4.8"]

1. e4 {[%clk 1:30:57]} d5 {[%clk 1:30:53]} 2. exd5 {[%clk 1:31:07]} Qxd5
{[%clk 1:31:15]} 3. Nf3 {[%clk 1:31:32]} Nf6 {[%clk 1:31:05]} 4. d4
{[%clk 1:31:46]} Bg4 {[%clk 1:29:35]} 5. Be2 {[%clk 1:32:10]} e6 {[%clk 1:27:41]}
6. Be3 {[%clk 1:31:30]} Be7 {[%clk 1:26:45]} 7. O-O {[%clk 1:31:27]} O-O
{[%clk 1:27:09]} 8. c4 {[%clk 1:31:45]} Qd8 {[%clk 1:25:16]} 9. Nc3
{[%clk 1:31:40]} c6 {[%clk 1:24:59]} 10. h3 {[%clk 1:25:09]} Bh5 {[%clk 1:24:44]}
11. Ne5 {[%clk 1:25:18]} Bxe2 {[%clk 1:23:22]} 12. Qxe2 {[%clk 1:25:41]} Nbd7
{[%clk 1:21:00]} 13. Rad1 {[%clk 1:25:37]} Qa5 {[%clk 1:12:56]} 14. Bd2
{[%clk 1:22:17]} Qb6 {[%clk 1:10:28]} 15. Bg5 {[%clk 1:17:09]} Rfe8
{[%clk 1:08:55]} 16. Rfe1 {[%clk 1:15:23]} Nf8 {[%clk 1:01:41]} 17. c5
{[%clk 1:08:48]} Qd8 {[%clk 0:56:39]} 18. Qf3 {[%clk 1:09:01]} Ng6
{[%clk 0:51:10]} 19. Nc4 {[%clk 1:05:12]} h6 {[%clk 0:41:44]} 20. Bxf6
{[%clk 1:04:20]} gxf6 {[%clk 0:42:07]} 21. Ne4 {[%clk 1:03:10]} f5
{[%clk 0:42:19]} 22. Ned6 {[%clk 1:02:53]} Bxd6 {[%clk 0:42:42]} 23. Nxd6
{[%clk 1:03:04]} Re7 {[%clk 0:43:06]} 24. b4 {[%clk 0:57:50]} Rc7
{[%clk 0:37:41]} 25. b5 {[%clk 0:57:18]} cxb5 {[%clk 0:34:24]} 26. Nxb7
{[%clk 0:56:00]} Qg5 {[%clk 0:32:32]} 27. Nd6 {[%clk 0:54:32]} Rb8
{[%clk 0:32:43]} 28. Rb1 {[%clk 0:50:27]} a6 {[%clk 0:31:31]} 29. Re3
{[%clk 0:38:45]} Nh4 {[%clk 0:21:37]} 30. Qg3 {[%clk 0:39:10]} f4
{[%clk 0:22:02]} 31. Qxg5+ {[%clk 0:39:36]} hxg5 {[%clk 0:22:27]} 32. Re5
{[%clk 0:38:06]} Ng6 {[%clk 0:21:19]} 33. Rxg5 {[%clk 0:38:14]} Kg7
{[%clk 0:21:37]} 34. Rh5 {[%clk 0:35:40]} f5 {[%clk 0:17:43]} 35. Re1
{[%clk 0:34:54]} Nf8 {[%clk 0:15:55]} 36. d5 {[%clk 0:30:45]} Kg6
{[%clk 0:13:57]} 37. Rh8 {[%clk 0:30:56]} exd5 {[%clk 0:13:54]} 38. Ne8
{[%clk 0:25:31]} Rf7 {[%clk 0:13:11]} 39. h4 {[%clk 0:25:22]} d4 {[%clk 0:09:11]}
40. h5+ {[%clk 0:24:40]} Kg5 {[%clk 0:09:39]} 41. Nd6 {[%clk 0:24:37]} Rf6
{[%clk 0:07:37]} 42. Re5 {[%clk 0:22:36]} b4 {[%clk 0:06:27]} 43. Ne4+
{[%clk 0:22:46]} 1-0

[Event "ELM 22/23"]
[Site "?"]
[Date "2022.09.25"]
[Round "4.2"]
[White "Lang, Simon"]
[Black "Vylicil, Adam"]
[Result "1-0"]
[BlackElo "1938"]
[WhiteElo "1899"]
[LiveChessVersion "1.4.8"]

1. e4 {[%clk 1:30:40]} a6 {[%clk 1:30:34]} 2. d4 {[%clk 1:29:54]} e6
{[%clk 1:29:44]} 3. c4 {[%clk 1:27:32]} b6 {[%clk 1:28:35]} 4. Nc3
{[%clk 1:25:24]} Bb7 {[%clk 1:28:38]} 5. g3 {[%clk 1:20:32]} g6 {[%clk 1:25:28]}
6. Bg2 {[%clk 1:19:42]} Bg7 {[%clk 1:24:32]} 7. Nge2 {[%clk 1:19:03]} Ne7
{[%clk 1:23:27]} 8. O-O {[%clk 1:18:12]} d6 {[%clk 1:22:38]} 9. b3
{[%clk 1:15:56]} Nd7 {[%clk 1:21:28]} 10. Bb2 {[%clk 1:13:50]} O-O
{[%clk 1:19:30]} 11. Qc2 {[%clk 1:11:47]} c5 {[%clk 1:18:41]} 12. d5
{[%clk 1:06:52]} e5 13. Rae1 {[%clk 1:03:14]} Bc8 {[%clk 1:12:02]} 14. Kh1
{[%clk 0:58:01]} f5 {[%clk 1:08:36]} 15. f4 {[%clk 0:56:29]} fxe4
{[%clk 1:07:19]} 16. Nxe4 {[%clk 0:55:53]} Nf5 {[%clk 1:06:02]} 17. Qd3
{[%clk 0:51:28]} exf4 {[%clk 1:01:38]} 18. Bxg7 {[%clk 0:50:54]} Nxg7
{[%clk 1:01:12]} 19. Nxf4 {[%clk 0:49:20]} Ne5 {[%clk 0:59:58]} 20. Qc3
{[%clk 0:47:39]} Bf5 {[%clk 0:50:20]} 21. Nxd6 {[%clk 0:37:59]} Qxd6
{[%clk 0:47:45]} 22. Qxe5 {[%clk 0:37:46]} Qxe5 {[%clk 0:46:23]} 23. Rxe5
{[%clk 0:38:06]} Rae8 {[%clk 0:45:49]} 24. Rfe1 {[%clk 0:33:20]} Rxe5
{[%clk 0:45:10]} 25. Rxe5 {[%clk 0:33:35]} Re8 {[%clk 0:44:44]} 26. Rxe8+
{[%clk 0:28:24]} Nxe8 {[%clk 0:45:09]} 27. Ne2 {[%clk 0:28:25]} Nd6
{[%clk 0:44:14]} 28. Nc3 {[%clk 0:26:59]} b5 {[%clk 0:39:34]} 29. Kg1
{[%clk 0:19:41]} bxc4 {[%clk 0:28:19]} 30. bxc4 {[%clk 0:19:56]} Bd3
{[%clk 0:28:19]} 31. Na4 {[%clk 0:19:32]} Bxc4 {[%clk 0:27:35]} 32. Nxc5
{[%clk 0:19:47]} Bxa2 {[%clk 0:27:20]} 33. Nxa6 {[%clk 0:20:03]} Kf7
{[%clk 0:27:00]} 34. Kf2 {[%clk 0:20:10]} Nf5 {[%clk 0:21:59]} 35. Be4
{[%clk 0:18:32]} Ke7 {[%clk 0:18:10]} 36. Nb4 {[%clk 0:17:55]} Bc4
{[%clk 0:18:30]} 37. Bxf5 {[%clk 0:17:29]} gxf5 {[%clk 0:18:55]} 38. Ke3
{[%clk 0:17:37]} 1-0

[Event "ELM 22/23"]
[Site "?"]
[Date "2022.09.25"]
[Round "4.3"]
[White "Marak, Jakub"]
[Black "Nespora, Tatana"]
[Result "1-0"]
[BlackElo "1540"]
[WhiteElo "1855"]
[LiveChessVersion "1.4.8"]

1. e4 {[%clk 1:30:58]} c5 {[%clk 1:30:32]} 2. Nf3 {[%clk 1:31:22]} Nc6
{[%clk 1:30:34]} 3. Bb5 {[%clk 1:31:44]} g6 {[%clk 1:30:23]} 4. O-O
{[%clk 1:31:56]} Bg7 {[%clk 1:30:19]} 5. Re1 {[%clk 1:29:08]} e5 {[%clk 1:28:41]}
6. d3 {[%clk 1:28:13]} Nge7 {[%clk 1:27:55]} 7. Bg5 {[%clk 1:25:13]} f6
{[%clk 1:26:36]} 8. Be3 {[%clk 1:25:36]} b6 {[%clk 1:26:23]} 9. c3
{[%clk 1:21:53]} O-O {[%clk 1:24:06]} 10. d4 {[%clk 1:20:54]} cxd4
{[%clk 1:16:57]} 11. cxd4 {[%clk 1:21:17]} d5 {[%clk 1:17:00]} 12. dxe5
{[%clk 1:14:02]} d4 {[%clk 1:11:57]} 13. Nxd4 {[%clk 1:10:18]} Nxe5
{[%clk 1:11:39]} 14. Qb3+ {[%clk 1:08:53]} Kh8 {[%clk 1:10:38]} 15. Ne6
{[%clk 1:08:03]} Bxe6 {[%clk 1:10:06]} 16. Qxe6 {[%clk 1:08:26]} f5
{[%clk 1:06:51]} 17. Bg5 {[%clk 1:05:24]} Rf7 {[%clk 1:00:39]} 18. exf5
{[%clk 1:04:21]} Rxf5 {[%clk 0:51:10]} 19. Bxe7 {[%clk 0:47:09]} Qd4
{[%clk 0:49:51]} 20. Nc3 {[%clk 0:43:07]} Rxf2 {[%clk 0:45:58]} 21. Kh1
{[%clk 0:39:49]} Rxb2 {[%clk 0:35:29]} 22. Qd5 {[%clk 0:37:09]} Qxc3
{[%clk 0:30:30]} 23. Qxa8+ {[%clk 0:37:15]} 1-0

[Event "ELM 22/23"]
[Site "?"]
[Date "2022.09.25"]
[Round "4.4"]
[White "Vondra, Filip"]
[Black "Kucera, David"]
[Result "0-1"]
[BlackElo "1822"]
[WhiteElo "1101"]
[LiveChessVersion "1.4.8"]

1. e4 {[%clk 1:30:50]} a6 {[%clk 1:30:31]} 2. d4 {[%clk 1:30:08]} e6
{[%clk 1:30:54]} 3. c4 {[%clk 1:26:24]} b6 {[%clk 1:30:03]} 4. Nc3
{[%clk 1:24:00]} Bb7 {[%clk 1:30:23]} 5. g3 {[%clk 1:18:52]} g6 {[%clk 1:28:06]}
6. Bg2 {[%clk 1:17:08]} Bg7 {[%clk 1:28:20]} 7. Nge2 {[%clk 1:14:56]} d6
{[%clk 1:27:37]} 8. O-O {[%clk 1:13:55]} Ne7 {[%clk 1:27:27]} 9. b3
{[%clk 1:10:53]} O-O {[%clk 1:26:37]} 10. Bb2 {[%clk 1:08:37]} c5
{[%clk 1:24:16]} 11. d5 {[%clk 0:59:55]} exd5 {[%clk 1:21:01]} 12. exd5
{[%clk 1:00:01]} b5 {[%clk 1:20:54]} 13. Qd2 {[%clk 0:58:27]} bxc4
{[%clk 1:20:51]} 14. bxc4 {[%clk 0:54:18]} Nd7 {[%clk 1:21:11]} 15. Rfe1
{[%clk 0:53:41]} Ne5 {[%clk 1:21:04]} 16. Qf4 {[%clk 0:49:59]} Nd3
{[%clk 1:20:21]} 17. Qe4 {[%clk 0:47:48]} Nxe1 {[%clk 1:19:49]} 18. Rxe1
{[%clk 0:48:08]} Nf5 {[%clk 1:19:51]} 19. Qf4 {[%clk 0:43:18]} Re8
{[%clk 1:19:47]} 20. Qd2 {[%clk 0:40:25]} Nd4 {[%clk 1:19:03]} 21. Nxd4
{[%clk 0:39:59]} Rxe1+ {[%clk 1:19:05]} 22. Qxe1 {[%clk 0:40:21]} Bxd4
{[%clk 1:19:25]} 23. Qe2 {[%clk 0:37:47]} Bc8 {[%clk 1:17:47]} 24. Ne4
{[%clk 0:37:13]} Bf5 {[%clk 1:15:43]} 25. Bxd4 {[%clk 0:36:05]} cxd4
{[%clk 1:15:28]} 26. Qd2 {[%clk 0:36:02]} Bxe4 {[%clk 1:15:37]} 27. Bxe4
{[%clk 0:36:22]} Qb6 {[%clk 1:14:01]} 28. Qf4 {[%clk 0:35:52]} Re8
{[%clk 1:12:38]} 29. Kg2 {[%clk 0:34:17]} Qb4 {[%clk 1:10:12]} 30. Bd3
{[%clk 0:34:04]} Qc3 {[%clk 1:10:13]} 31. Qxd6 {[%clk 0:32:30]} Qxd3
{[%clk 1:10:32]} 32. c5 {[%clk 0:32:47]} Qe4+ {[%clk 1:10:37]} 33. Kh3
{[%clk 0:32:41]} Re5 {[%clk 1:09:09]} 34. g4 {[%clk 0:32:11]} Qf3+
{[%clk 1:09:15]} 0-1

[Event "ELM 22/23"]
[Site "?"]
[Date "2022.09.25"]
[Round "4.5"]
[White "Babula, Matej"]
[Black "Dejmek, Tomas"]
[Result "1-0"]
[BlackElo "1469"]
[WhiteElo "1864"]
[LiveChessVersion "1.4.8"]

1. e4 {[%clk 1:30:59]} e5 {[%clk 1:30:55]} 2. Nf3 {[%clk 1:31:24]} Nc6
{[%clk 1:31:20]} 3. Bc4 {[%clk 1:31:49]} Bc5 {[%clk 1:31:46]} 4. c3
{[%clk 1:32:11]} Nf6 {[%clk 1:31:58]} 5. d3 {[%clk 1:32:35]} d6 {[%clk 1:31:42]}
6. O-O {[%clk 1:32:32]} Bg4 {[%clk 1:30:33]} 7. Nbd2 {[%clk 1:29:21]} O-O
{[%clk 1:28:43]} 8. Re1 {[%clk 1:28:16]} Qd7 {[%clk 1:24:57]} 9. Nf1
{[%clk 1:27:57]} Rfe8 {[%clk 1:18:45]} 10. h3 {[%clk 1:24:47]} Be6
{[%clk 1:16:58]} 11. Bxe6 {[%clk 1:24:35]} fxe6 {[%clk 1:17:04]} 12. b4
{[%clk 1:23:46]} Bb6 {[%clk 1:17:10]} 13. a4 {[%clk 1:23:48]} a6 {[%clk 1:13:49]}
14. Ne3 {[%clk 1:12:15]} d5 {[%clk 1:10:14]} 15. Qc2 {[%clk 1:10:28]} Qf7
{[%clk 0:58:21]} 16. Bb2 {[%clk 1:04:57]} Nd7 {[%clk 0:54:19]} 17. Re2
{[%clk 0:46:22]} Ne7 {[%clk 0:38:39]} 18. c4 {[%clk 0:39:24]} Ng6
{[%clk 0:35:08]} 19. c5 {[%clk 0:38:04]} Ba7 {[%clk 0:35:05]} 20. Ng4
{[%clk 0:36:13]} d4 {[%clk 0:30:24]} 21. Bc1 {[%clk 0:34:39]} c6 {[%clk 0:26:43]}
22. Re1 {[%clk 0:32:44]} Bb8 {[%clk 0:26:01]} 23. Qe2 {[%clk 0:30:18]} Bc7
{[%clk 0:23:19]} 24. g3 {[%clk 0:26:10]} a5 {[%clk 0:19:12]} 25. Bd2
{[%clk 0:23:43]} axb4 {[%clk 0:17:11]} 26. Bxb4 {[%clk 0:24:05]} Ba5
{[%clk 0:17:06]} 27. Bxa5 {[%clk 0:22:35]} Rxa5 {[%clk 0:17:09]} 28. Rec1
{[%clk 0:21:32]} Rf8 {[%clk 0:14:05]} 29. Kg2 {[%clk 0:21:10]} Rfa8
{[%clk 0:11:04]} 30. h4 {[%clk 0:20:08]} h5 {[%clk 0:08:59]} 31. Ng5
{[%clk 0:19:55]} Qe8 {[%clk 0:07:46]} 32. Nh2 {[%clk 0:20:11]} Ngf8
{[%clk 0:07:38]} 33. Qc2 {[%clk 0:19:31]} Rxc5 {[%clk 0:06:53]} 34. Qb3
{[%clk 0:19:17]} Rxc1 {[%clk 0:05:36]} 35. Rxc1 {[%clk 0:19:46]} c5
{[%clk 0:05:32]} 36. Qxb7 {[%clk 0:18:07]} Rxa4 {[%clk 0:05:30]} 37. Qc6
{[%clk 0:17:23]} Ra8 {[%clk 0:05:01]} 38. Nhf3 {[%clk 0:16:55]} Rb8
{[%clk 0:04:23]} 39. Qc7 {[%clk 0:14:46]} Ng6 {[%clk 0:03:23]} 40. Ra1
{[%clk 0:14:17]} Rb6 {[%clk 0:03:10]} 41. Ra7 {[%clk 0:14:28]} Ngf8
{[%clk 0:02:52]} 42. Nxe5 {[%clk 0:14:30]} Rc6 {[%clk 0:02:28]} 43. Qxc6
{[%clk 0:14:31]} Nxe5 {[%clk 0:02:53]} 44. Qxe8 {[%clk 0:14:55]} 1-0

[Event "ELM 22/23"]
[Site "?"]
[Date "2022.09.25"]
[Round "4.6"]
[White "Srba, Daniel"]
[Black "Vankova, Marie"]
[Result "0-1"]
[BlackElo "1494"]
[WhiteElo "1355"]
[LiveChessVersion "1.4.8"]

1. e4 {[%clk 1:30:53]} e6 {[%clk 1:30:55]} 2. d4 {[%clk 1:30:32]} d5
{[%clk 1:31:18]} 3. exd5 {[%clk 1:30:27]} exd5 {[%clk 1:31:40]} 4. Bd3
{[%clk 1:30:08]} Nc6 {[%clk 1:31:54]} 5. Nf3 {[%clk 1:30:04]} Bg4
{[%clk 1:32:14]} 6. c3 {[%clk 1:29:37]} Qd7 {[%clk 1:32:21]} 7. O-O
{[%clk 1:28:17]} O-O-O {[%clk 1:31:54]} 8. Bf4 {[%clk 1:27:28]} Bd6
{[%clk 1:31:26]} 9. Bxd6 Qxd6 {[%clk 1:31:43]} 10. Nbd2 {[%clk 1:25:42]} Nge7
{[%clk 1:30:50]} 11. b4 {[%clk 1:22:59]} Ng6 {[%clk 1:28:34]} 12. h3
{[%clk 1:22:40]} Nf4 {[%clk 1:22:03]} 13. hxg4 {[%clk 1:19:44]} Nxd3
{[%clk 1:22:16]} 14. Nb3 {[%clk 1:18:56]} Nf4 {[%clk 1:21:43]} 15. b5
{[%clk 1:16:55]} Nb8 {[%clk 1:17:35]} 16. Ne5 {[%clk 1:16:40]} Rdf8
{[%clk 1:14:38]} 17. g5 {[%clk 1:11:55]} f6 {[%clk 1:13:27]} 18. gxf6
{[%clk 1:10:13]} gxf6 {[%clk 1:08:50]} 19. Qg4+ {[%clk 1:09:55]} Ne6
{[%clk 1:09:06]} 20. Nd3 {[%clk 1:08:49]} Rhg8 {[%clk 1:06:44]} 21. Qh3
{[%clk 1:08:40]} f5 {[%clk 1:05:19]} 22. Ne5 {[%clk 1:08:20]} Nf4
{[%clk 1:04:40]} 23. Qh4 {[%clk 1:07:13]} Nxg2 {[%clk 0:59:05]} 24. Qh2
{[%clk 1:04:54]} Ne3+ {[%clk 0:56:44]} 25. Kh1 {[%clk 1:05:13]} Nxf1
{[%clk 0:55:35]} 26. Rxf1 {[%clk 1:05:34]} Nd7 {[%clk 0:53:54]} 27. Nxd7
{[%clk 1:05:40]} Qxh2+ {[%clk 0:53:29]} 28. Kxh2 {[%clk 1:06:05]} Kxd7
{[%clk 0:53:50]} 29. Nc5+ {[%clk 1:06:24]} Kc8 {[%clk 0:53:43]} 30. Ne6
{[%clk 1:05:30]} Rf6 {[%clk 0:53:43]} 31. Nf4 {[%clk 1:05:55]} Rh6+
{[%clk 0:54:06]} 32. Nh3 {[%clk 1:06:21]} f4 {[%clk 0:53:47]} 0-1

[Event "ELM 22/23"]
[Site "?"]
[Date "2022.09.25"]
[Round "4.7"]
[White "Nezval, Filip"]
[Black "Dudek, Vojtech"]
[Result "1/2-1/2"]
[BlackElo "2150"]
[WhiteElo "2113"]
[LiveChessVersion "1.4.8"]

1. Nf3 {[%clk 1:30:55]} Nf6 {[%clk 1:30:51]} 2. c4 {[%clk 1:31:13]} e6
{[%clk 1:31:13]} 3. Nc3 {[%clk 1:31:20]} b6 {[%clk 1:31:19]} 4. e4
{[%clk 1:30:55]} Bb7 {[%clk 1:26:07]} 5. Bd3 {[%clk 1:31:19]} d6 {[%clk 1:26:16]}
6. Bc2 {[%clk 1:29:33]} Be7 {[%clk 1:22:58]} 7. d4 {[%clk 1:29:27]} O-O
{[%clk 1:22:17]} 8. O-O {[%clk 1:29:46]} c5 {[%clk 1:18:45]} 9. d5
{[%clk 1:25:51]} e5 {[%clk 1:14:20]} 10. Ne1 {[%clk 1:22:00]} Nbd7
{[%clk 1:13:45]} 11. Nd3 {[%clk 1:22:01]} a6 {[%clk 1:11:28]} 12. f4
{[%clk 0:53:56]} exf4 {[%clk 0:58:49]} 13. Bxf4 {[%clk 0:53:26]} Qc7
{[%clk 0:41:22]} 14. Qf3 {[%clk 0:29:08]} Ne5 {[%clk 0:35:34]} 15. Nxe5
{[%clk 0:29:09]} dxe5 {[%clk 0:35:51]} 16. Be3 {[%clk 0:29:03]} Ne8
{[%clk 0:31:19]} 17. a4 {[%clk 0:17:17]} Nd6 {[%clk 0:29:26]} 18. Bd3
{[%clk 0:15:09]} Rae8 {[%clk 0:24:56]} 19. Qg3 {[%clk 0:15:23]} Bd8
{[%clk 0:23:42]} 20. Bh6 {[%clk 0:14:36]} f5 {[%clk 0:19:39]} 21. exf5
{[%clk 0:08:20]} e4 {[%clk 0:19:53]} 22. Bf4 {[%clk 0:08:19]} Nxf5
{[%clk 0:17:43]} 23. Qh3 {[%clk 0:07:03]} Qe7 {[%clk 0:11:45]} 24. Bxe4
{[%clk 0:07:03]} Bc8 {[%clk 0:09:33]} 25. Bxf5 {[%clk 0:06:44]} Bxf5
{[%clk 0:08:34]} 26. Qg3 {[%clk 0:07:13]} Qf6 {[%clk 0:07:33]} 27. Rad1
{[%clk 0:05:53]} h5 {[%clk 0:04:26]} 28. h3 {[%clk 0:03:00]} h4 {[%clk 0:04:24]}
29. Qf3 {[%clk 0:02:58]} Qg6 {[%clk 0:04:24]} 30. Rde1 {[%clk 0:00:42]} Rxe1
{[%clk 0:00:36]} 31. Rxe1 {[%clk 0:01:12]} Bxh3 {[%clk 0:00:39]} 32. Qxh3
{[%clk 0:01:36]} Rxf4 {[%clk 0:01:04]} 33. Qe6+ {[%clk 0:01:42]} Qxe6
{[%clk 0:01:16]} 34. dxe6 {[%clk 0:01:35]} Kf8 {[%clk 0:01:09]} 35. e7+
{[%clk 0:01:54]} Bxe7 {[%clk 0:01:33]} 36. Rxe7 {[%clk 0:02:23]} Rxc4
{[%clk 0:01:52]} 37. Re4 {[%clk 0:02:24]} Rxe4 {[%clk 0:01:25]} 38. Nxe4
{[%clk 0:02:53]} Ke7 {[%clk 0:01:44]} 39. a5 {[%clk 0:00:37]} bxa5
{[%clk 0:01:47]} 40. Kf2 {[%clk 0:00:33]} Ke6 {[%clk 0:01:35]} 41. Nxc5+
{[%clk 0:00:34]} Kd5 {[%clk 0:02:03]} 42. Nxa6 {[%clk 0:00:39]} Kc4
{[%clk 0:02:09]} 43. Kf3 {[%clk 0:00:33]} Kb3 {[%clk 0:02:23]} 44. Kg4
{[%clk 0:00:33]} Kxb2 {[%clk 0:02:34]} 45. Nc5 {[%clk 0:01:01]} Kc3
{[%clk 0:02:43]} 46. Kxh4 {[%clk 0:00:59]} Kb4 {[%clk 0:02:16]} 47. Nd3+
{[%clk 0:01:13]} Kc3 {[%clk 0:02:35]} 48. Nc5 {[%clk 0:01:41]} Kb4
{[%clk 0:02:59]} 49. Nd3+ {[%clk 0:02:09]} Kc3 {[%clk 0:03:23]} 50. Nc5
{[%clk 0:02:37]} 1/2-1/2

[Event "ELM 22/23"]
[Site "?"]
[Date "2022.09.25"]
[Round "4.8"]
[White "Stastna, Martina"]
[Black "Hladky, Tadeas"]
[Result "1/2-1/2"]
[BlackElo "1991"]
[WhiteElo "1825"]
[LiveChessVersion "1.4.8"]

1. e4 {[%clk 1:30:58]} Nf6 {[%clk 1:30:55]} 2. e5 {[%clk 1:31:11]} Nd5
{[%clk 1:31:20]} 3. Nc3 {[%clk 1:31:20]} e6 {[%clk 1:31:14]} 4. Nf3
{[%clk 1:31:01]} d6 {[%clk 1:31:24]} 5. Nxd5 {[%clk 1:28:52]} exd5
{[%clk 1:31:46]} 6. d4 {[%clk 1:28:06]} Bf5 {[%clk 1:27:29]} 7. c3
{[%clk 1:26:34]} c6 {[%clk 1:22:57]} 8. Bd3 {[%clk 1:23:05]} Bxd3
{[%clk 1:21:26]} 9. Qxd3 {[%clk 1:23:25]} dxe5 {[%clk 1:21:18]} 10. Nxe5
{[%clk 1:21:30]} Bd6 {[%clk 1:20:16]} 11. Nf3 {[%clk 1:19:03]} O-O
{[%clk 1:18:41]} 12. O-O {[%clk 1:17:02]} Nd7 {[%clk 1:18:00]} 13. Re1
{[%clk 1:13:41]} Re8 {[%clk 1:15:44]} 14. Bg5 {[%clk 1:11:01]} Qc7
{[%clk 1:14:27]} 15. Re2 {[%clk 1:08:36]} Nf8 {[%clk 1:12:21]} 16. Bh4
{[%clk 1:06:37]} f6 {[%clk 1:03:17]} 17. Rae1 {[%clk 1:04:19]} Qd7
{[%clk 1:03:27]} 18. Nd2 {[%clk 1:00:48]} Rxe2 {[%clk 1:01:27]} 19. Qxe2
{[%clk 0:57:43]} Ng6 {[%clk 1:01:35]} 20. Bg3 {[%clk 0:57:04]} Bxg3
{[%clk 1:01:50]} 21. hxg3 {[%clk 0:55:44]} Kf7 {[%clk 1:01:10]} 22. Kf1
{[%clk 0:53:03]} Re8 {[%clk 1:00:46]} 23. Qxe8+ {[%clk 0:48:21]} Qxe8
{[%clk 1:01:07]} 24. Rxe8 {[%clk 0:48:46]} Kxe8 {[%clk 1:01:33]} 25. Ke2
{[%clk 0:49:03]} Ne7 {[%clk 0:59:58]} 26. Nb3 {[%clk 0:47:54]} Nc8
{[%clk 0:59:49]} 27. Nd2 {[%clk 0:41:13]} Nd6 {[%clk 0:58:41]} 28. Ke3
{[%clk 0:38:52]} Ke7 {[%clk 0:58:08]} 29. g4 {[%clk 0:37:08]} Ke6
{[%clk 0:56:20]} 30. Kf3 {[%clk 0:34:36]} g6 {[%clk 0:55:10]} 31. Nb3
{[%clk 0:32:50]} b6 {[%clk 0:54:46]} 32. Nd2 {[%clk 0:29:09]} f5 {[%clk 0:50:03]}
33. gxf5+ {[%clk 0:28:14]} Kxf5 {[%clk 0:48:18]} 34. Ke3 {[%clk 0:23:09]} g5
{[%clk 0:44:56]} 35. b3 {[%clk 0:21:09]} h5 {[%clk 0:43:27]} 36. a4
{[%clk 0:17:40]} h4 {[%clk 0:42:06]} 37. f3 {[%clk 0:17:34]} Ne8 {[%clk 0:40:02]}
38. Nf1 {[%clk 0:16:35]} Nf6 {[%clk 0:40:08]} 39. Nh2 {[%clk 0:16:56]} g4
{[%clk 0:37:08]} 40. fxg4+ {[%clk 0:13:55]} Nxg4+ {[%clk 0:37:02]} 41. Nxg4
{[%clk 0:14:18]} Kxg4 {[%clk 0:37:27]} 42. Kf2 {[%clk 0:14:40]} Kf4
{[%clk 0:33:32]} 43. b4 {[%clk 0:13:53]} a5 {[%clk 0:32:56]} 44. bxa5
{[%clk 0:14:15]} bxa5 {[%clk 0:33:21]} 45. Ke2 {[%clk 0:14:36]} Kg3
{[%clk 0:33:28]} 46. Kf1 {[%clk 0:15:00]} Kf4 {[%clk 0:30:39]} 47. Kf2
{[%clk 0:15:24]} Ke4 {[%clk 0:31:01]} 48. Ke2 {[%clk 0:15:42]} Kf4
{[%clk 0:31:26]} 49. Kf2 {[%clk 0:16:07]} Ke4 {[%clk 0:31:52]} 1/2-1/2

[Event "ELM 22/23"]
[Site "?"]
[Date "2022.09.25"]
[Round "4.9"]
[White "Tajovsky, Simon"]
[Black "Vopalka, Filip"]
[Result "1-0"]
[BlackElo "1430"]
[WhiteElo "1686"]
[LiveChessVersion "1.4.8"]

1. d4 {[%clk 1:30:57]} d5 {[%clk 1:30:54]} 2. c4 {[%clk 1:31:23]} e6
{[%clk 1:31:13]} 3. Nc3 {[%clk 1:31:49]} Nf6 {[%clk 1:31:31]} 4. Nf3
{[%clk 1:32:15]} Be7 {[%clk 1:31:42]} 5. Bf4 {[%clk 1:32:38]} O-O
{[%clk 1:31:46]} 6. e3 {[%clk 1:33:03]} b6 {[%clk 1:31:49]} 7. cxd5
{[%clk 1:33:04]} Nxd5 {[%clk 1:30:49]} 8. Bg3 {[%clk 1:31:01]} Nxc3
{[%clk 1:27:03]} 9. bxc3 {[%clk 1:31:24]} Bb7 {[%clk 1:26:36]} 10. Bd3
{[%clk 1:30:48]} Nd7 {[%clk 1:24:28]} 11. O-O {[%clk 1:30:27]} c5
{[%clk 1:24:10]} 12. Qe2 {[%clk 1:24:58]} Nf6 {[%clk 1:21:48]} 13. e4
{[%clk 1:21:16]} Nh5 {[%clk 1:11:33]} 14. Be5 {[%clk 1:17:46]} Bd6
{[%clk 1:08:47]} 15. Qe3 {[%clk 1:05:25]} Bxe5 {[%clk 1:06:13]} 16. Nxe5
{[%clk 1:05:46]} cxd4 {[%clk 1:05:34]} 17. cxd4 {[%clk 1:06:04]} Nf6
{[%clk 1:03:00]} 18. f3 {[%clk 1:00:15]} Rc8 19. Rac1 {[%clk 0:57:46]} Nd7
{[%clk 0:50:12]} 20. Nc4 {[%clk 0:55:48]} Nb8 {[%clk 0:47:48]} 21. e5
{[%clk 0:53:21]} Bd5 {[%clk 0:46:00]} 22. Nd6 {[%clk 0:51:40]} Rxc1
{[%clk 0:43:11]} 23. Rxc1 {[%clk 0:52:03]} Nc6 {[%clk 0:40:54]} 24. Bb5
{[%clk 0:40:02]} Na5 {[%clk 0:38:39]} 25. Ba6 {[%clk 0:35:12]} Bxa2
{[%clk 0:34:08]} 26. Rc2 {[%clk 0:33:50]} Bd5 {[%clk 0:34:06]} 27. Qa3
{[%clk 0:26:39]} Qe7 {[%clk 0:27:08]} 28. Qc3 {[%clk 0:23:31]} Bb7
{[%clk 0:20:20]} 29. Nxb7 {[%clk 0:18:34]} Nxb7 {[%clk 0:20:24]} 30. Qc7
{[%clk 0:18:06]} Qxc7 {[%clk 0:20:00]} 31. Rxc7 {[%clk 0:18:31]} Na5
{[%clk 0:19:40]} 32. Rxa7 {[%clk 0:17:14]} Nc6 {[%clk 0:17:44]} 33. Rd7
{[%clk 0:16:58]} Rd8 {[%clk 0:16:49]} 34. Rxd8+ {[%clk 0:16:57]} Nxd8
{[%clk 0:17:12]} 35. Kf2 {[%clk 0:17:06]} Kf8 {[%clk 0:15:30]} 36. Ke3
{[%clk 0:17:02]} Nc6 {[%clk 0:15:02]} 37. Ke4 {[%clk 0:16:28]} Ke7
{[%clk 0:14:59]} 38. Bc4 {[%clk 0:15:47]} Nb4 {[%clk 0:14:17]} 39. f4
{[%clk 0:15:24]} h6 {[%clk 0:12:13]} 40. f5 {[%clk 0:13:57]} exf5+
{[%clk 0:11:51]} 41. Kxf5 {[%clk 0:14:18]} g6+ {[%clk 0:11:12]} 42. Ke4
{[%clk 0:14:19]} f6 {[%clk 0:07:33]} 43. e6 {[%clk 0:11:36]} Kd6 {[%clk 0:07:52]}
44. d5 {[%clk 0:11:28]} f5+ {[%clk 0:05:39]} 45. Ke3 {[%clk 0:10:38]} Nc2+
{[%clk 0:05:38]} 46. Kd2 {[%clk 0:10:53]} Nb4 {[%clk 0:03:24]} 47. Kc3
{[%clk 0:11:11]} Nxd5+ {[%clk 0:03:32]} 48. Bxd5 {[%clk 0:11:35]} Kc7
{[%clk 0:02:07]} 49. Kd4 {[%clk 0:11:43]} Kd6 {[%clk 0:02:21]} 50. Bb3
{[%clk 0:12:05]} Ke7 {[%clk 0:02:21]} 51. Ke5 {[%clk 0:12:27]} 1-0

[Event "ELM 22/23"]
[Site "?"]
[Date "2022.09.25"]
[Round "4.10"]
[White "Stein, Michael"]
[Black "Grausgruber, Jiri"]
[Result "0-1"]
[BlackElo "1380"]
[WhiteElo "1431"]
[LiveChessVersion "1.4.8"]

1. e4 {[%clk 1:30:58]} c5 {[%clk 1:30:54]} 2. Nf3 {[%clk 1:31:25]} e6
{[%clk 1:31:16]} 3. d4 {[%clk 1:31:03]} cxd4 {[%clk 1:31:38]} 4. Nxd4
{[%clk 1:31:29]} a6 {[%clk 1:32:01]} 5. Nc3 {[%clk 1:31:39]} Qc7 {[%clk 1:32:22]}
6. a3 {[%clk 1:30:10]} Nf6 {[%clk 1:31:30]} 7. Be3 {[%clk 1:30:00]} b5
{[%clk 1:30:24]} 8. Be2 {[%clk 1:25:51]} Bb7 {[%clk 1:29:06]} 9. Bf3
{[%clk 1:23:09]} d6 {[%clk 1:27:49]} 10. O-O {[%clk 1:21:21]} Be7
{[%clk 1:26:39]} 11. Qd2 {[%clk 1:18:30]} Nbd7 {[%clk 1:24:28]} 12. g3
{[%clk 1:16:16]} Nc5 {[%clk 1:18:03]} 13. Bg2 {[%clk 1:09:50]} Ncxe4
{[%clk 1:14:28]} 14. Nxe4 {[%clk 1:09:45]} Nxe4 {[%clk 1:14:36]} 15. Qe2
{[%clk 1:08:55]} Nf6 {[%clk 1:12:47]} 16. Nxb5 {[%clk 1:05:47]} Qd7
{[%clk 0:52:50]} 17. Nc3 {[%clk 1:03:43]} O-O {[%clk 0:50:10]} 18. b3
{[%clk 1:00:58]} Bxg2 {[%clk 0:46:58]} 19. Kxg2 {[%clk 0:52:25]} Qc6+
{[%clk 0:46:04]} 20. Kg1 {[%clk 0:51:27]} Qxc3 {[%clk 0:46:12]} 21. h4
{[%clk 0:50:23]} Qe5 {[%clk 0:41:32]} 22. Rfd1 {[%clk 0:48:19]} Nd5
{[%clk 0:40:03]} 0-1